000 00734nam a2200265Ia 4500
003 OSt
005 20221006151030.0
006 a|||||r|||| 00| 0
007 ta
008 221006b |||||||| |||| 00| 0 jpn d
020 _c¥1800
024 _a20,711
037 _bGift, Japan Foundation
_cTextual
040 _aEASL
_cEASL
_bjpn
041 _2jpn
_ajpn
082 _aX8(J):54.42.N8, M7
100 _aITO Kenyo
_9658140
245 0 _aNo sanbutsu yunyu jiyuka mondai to Nihon nogyo
260 _aTokyo
_bTsukuba Shobo Japan
_c1987
300 _a235p.
_ccm.
490 _v JL
650 _aJL
942 _hX8(J):54.42.N8, M7
_cTEXL
_2CC
999 _c1088797
_d1088797